000 00376nam a2200145Ia 4500
008 230917s9999||||xx |||||||||||||| ||und||
040 _e83055
_aMAIN
041 _aEnglish
082 _a515.7 D496F
100 _aDevito, Carl L
245 0 _aFunctional analysis and linear operator theory
260 _aMenlo Park
_bAddison-Wesley
_c1990
300 _ax, 358 p.
942 _cBK
999 _c95589
_d95589